000 00704nam a2200205Ii 4500
003 JO-AjNU
008 230605s9999||||xx |||||||||||||| ||und||
040 _aJO-AjNU
_bara
_erda
_cJO-AjNU
041 _aara
050 1 4 _aBP136.6 2005
100 3 _aالندوي، سلمان الحسيني؛ اخرجه سيد عبد الماجد الغوري,
_eauthor
_914944
245 0 0 _aالمدخل إلى دراسة جامع الترمذي
250 _aط1
264 3 1 _aدمشق: دار ابن كثير، 2005
300 _a88ص
336 _atext
_btxt
_2rdacontent
337 _aunmediated
_bn
_2rdamedia
338 _avolume
_bnc
_2rdacarrier
650 4 _aالاسلام - الامام الترمذي
_914945
999 _aA4106
_c7674
_d7674